000 00462nab a2200145Ia 4500
003 ES-SlBCS
005 20220512165027.0
008 140529s1976 xxu||||| |||| 00| 0 ita d
041 _aita
100 1 _aStella, Vittorio
_959782
245 0 0 _aGentile a Croce (1896-1905): concetto logico e concetto percettivo
_c Vittorio Stella
600 1 4 _aGentile, Giovanni
_981121
773 0 _tGiornali di Metafisica
_gvol. 31, 1976, págs. 291-332
_w0017-0372
942 _cAR
999 _c587137
_d587137